Statistics for Artists of the Top 20 Most Famous Albums

Click here to take the quiz!

General Stats

  • This quiz has been taken 146 times
  • The average score is 8 of 20

Answer Stats

%Musical Act% Correct
99The Beatles
97%
91The Rolling Stones
90%
95Michael Jackson
75%
71Led Zeppelin
67%
93Pink Floyd
63%
85Elton John
49%
81Nirvana
46%
77The Who
44%
76AC/DC
38%
89Bruce Springsteen
38%
80U2
38%
89The Eagles
31%
82Prince
28%
75David Bowie
26%
73The Clash
24%
83John Lennon
23%
70Johnny Cash
21%
73The Jimi Hendrix Experience
18%
76Paul Simon
17%
72Simon and Garfunkel
9%

Score Distribution

Percentile by Number Answered

Percent of People with Each Score

Your Score History

You have not taken this quiz